[Event "Chigorin Memorial 30th"]
[Site "St Petersburg"]
[Date "2023.10.23"]
[Round "3"]
[White "Rakhlina, Kristina"]
[Black "Kovalenko, Prokhor"]
[Result "1-0"]
[WhiteElo "1544"]
[BlackElo "1109"]
[PlyCount "71"]
[EventDate "2023.10.21"]
[EventType "swiss"]
[EventRounds "9"]
[EventCountry "RUS"]
[SourceTitle "Mega2024 Update 01"]
[Source "Chessbase"]
[SourceDate "2023.11.12"]
[SourceVersion "1"]
[SourceVersionDate "2023.11.12"]
[SourceQuality "1"]

1. e4 c6 2. d4 d5 3. Nc3 dxe4 4. Nxe4 Nf6 5. Nxf6+ exf6 6. Bc4 Bd6 7. Nf3 Bg4 8. h3 Bh5 9. 0-0 0-0 10. c3 Nd7 11. Be3 Re8 12. Be2 Qc7 13. Nh4 Bxe2 14. Qxe2 Nf8 15. Nf5 Bf4 16. Qg4 Ng6 17. h4 Bxe3 18. fxe3 Qc8 19. h5 Kh8 20. Qg3 Qe6 21. hxg6 fxg6 22. Nd6 Qxe3+ 23. Qxe3 Rxe3 24. Rae1 Rd3 25. Nxb7 h5 26. Nc5 Rg3 27. Kh2 Rg5 28. Re6 Rc8 29. Re7 a5 30. Rfe1 Rb8 31. Re8+ Rxe8 32. Rxe8+ Kh7 33. b4 axb4 34. cxb4 Rd5 35. Ne6 Rd7 36. Nf8+ 1-0

[Event "Chigorin Memorial 30th"]
[Site "St Petersburg"]
[Date "2023.10.22"]
[Round "2"]
[White "Kovalenko, Prokhor"]
[Black "Korotkikh, Miron"]
[Result "0-1"]
[WhiteElo "1109"]
[BlackElo "1660"]
[PlyCount "116"]
[EventDate "2023.10.21"]
[EventType "swiss"]
[EventRounds "9"]
[EventCountry "RUS"]
[SourceTitle "Mega2024 Update 01"]
[Source "Chessbase"]
[SourceDate "2023.11.12"]
[SourceVersion "1"]
[SourceVersionDate "2023.11.12"]
[SourceQuality "1"]

1. d4 d5 2. c4 c6 3. cxd5 cxd5 4. Nc3 Nc6 5. e4 e6 6. e5 Qb6 7. Nf3 a6 8. a3 Nge7 9. Na4 Qa7 10. Be3 Nf5 11. Be2 b5 12. Nc3 Be7 13. 0-0 Na5 14. b4 Nc4 15. Bxc4 bxc4 16. Na4 0-0 17. Nc5 Bd7 18. g4 Nxe3 19. fxe3 Bxc5 20. bxc5 Rab8 21. Rb1 Rxb1 22. Qxb1 Qb8 23. h4 Ba4 24. g5 c3 25. Qb4 Qxb4 26. axb4 Rb8 27. Rc1 Rxb4 28. Rxc3 Kf8 29. Kf2 Rb2+ 30. Ke1 Rb1+ 31. Kd2 Ke8 32. Ne1 Bb5 33. Nd3 Kd7 34. Nc1 Bc4 35. Kc2 Rb8 36. Nb3 Bb5 37. Kb2 h6 38. gxh6 gxh6 39. Ka3 Rg8 40. h5 Rg5 41. Na5 Rxh5 42. Nb7 Rf5 43. Nd6 Rf2 44. Nxb5 axb5 45. c6+ Kc7 46. Kb4 Rb2+ 47. Kc5 b4 48. Rc1 b3 49. Ra1 Rc2+ 50. Kb5 b2 51. Rb1 Rxc6 52. Ka4 h5 53. Ka3 h4 54. Ka2 h3 55. Rf1 Rc2 56. Rxf7+ Kb6 57. Rf6 h2 58. Rxe6+ Rc6 0-1